O maior dos mistérios (Registo nº 3947)

Detalhes MARC
000 -Etiqueta do registo
Cabeçalho 00782nam0a2200277 4500
005 - Identificador da versão
Campo de controlo 20240813122049.0
095 ## -
-- PTBN00637425
010 ## - Número internacional normalizado dos livros (ISBN)
Número (ISBN) 9724302385
021 ## - Número do Depósito Legal
Código do país PT
Número 75374/94
100 ## - Dados gerais de processamento
Dados gerais de processamento 20171128d2001 de y0pory5003 ba
102 ## - Pais de publicação ou produção
País de publicação Portugal
101 0# - Língua de publicação
Língua do texto, banda sonora, etc. Português
215 ## - Descrição física 
Indicação específica da natureza do documento e extensão da espécie 119, [1] p.
Outras indicações físicas il.
200 1# - Titulo e menção de responsabilidade
Título próprio O maior dos mistérios
Primeira menção de responsabilidade Alexandre Honrado
Outras menções de responsabilidade il. Ana Von Hafe
225 1# - Colecção 
Título próprio da colecção Aventura de viver
Indicação de volume 13
205 ## - Menção da edição
Menção da edição 3ª ed
210 ## - Publicação, Distribuição, etc. 
Lugar da edição, distribuição, etc. Porto
Nome do editor, distribuidor, etc. Ambar
Data da publicação, distribuição, etc. 2001
606 ## - Nome comum usado como assunto
Número de registo de entrada de autoridade 0001851
Palavra de ordem Literatura portuguesa
Subdivisão de assunto Romances de aventuras
Código do sistema CA
675 ## - Classificação Decimal Universal (CDU)
Notação 821.134.3-311.3
Edição 3ª ed.
Língua da edição por
702 #1 - Nome de autor-pessoa física (responsabilidade secundária)
Número de registo de entrada de autoridade 0000427
Palavra de ordem Von Hafe
Outra parte do nome não tomada para palavra de ordem Ana
Código de função Ilustrador / Técnico de desenho computorizado
700 #1 - Nome de autor-pessoa física (responsabilidade principal)
Número de registo de entrada de autoridade 0000423
Palavra de ordem Honrado
Outra parte do nome não tomada para palavra de ordem Alexandre
Datas 1960-
966 ## - Identificação da Biblioteca
Sigla EBVEN
942 ## - Elementos de entrada adicionados (Koha)
Tipo de item no Koha Livro
Exemplares
Situação do levantamento Origin of item (home branch) (coded) Biblioteca de empréstimo Código de barras Cota Data de devolução Circulation type (not for loan) Tipo de documento Nota do exemplar Damaged status
  Biblioteca Escolar das Vendas Biblioteca Escolar das Vendas BEV972 8POR HON     Livro Sem mensagem  
  Biblioteca Escolar das Vendas Biblioteca Escolar das Vendas BEV304 8POR HON     Livro Sem mensagem